MDQL
is popping MORE tags! Check the
thread
!
Quizzes
Events
Quiz Creation
Community
Videos
Private Events
Remove Ads
Sign In
Join for FREE
Feedback
Dark Mode
Quiz Categories
Sports
Geography
Music
Movies
Television
Just For Fun
Miscellaneous
History
Literature
Language
Science
Gaming
Entertainment
Religion
Holiday
For Kids
Quiz Lab
Recent
Popular Today
Quiz Kudos Today
Editor Picks
Curator Picks
Quizzes by...
Day
Popularity
Type
Ratings
Length
Year
Community
Subscriptions
Recent Discussions
Orange Saloon
Badges
Playlists
Quests
Create
Leaderboards
Showdown
Live 5
Trivia Bingo
Activity
Puzzle Library
Sporcle Events
Private Events
Virtual Trivia
Globe League
Become a Host
Pub Owners
SporcleCon
Opinionation
Our Games
Videos
Blog
Mobile Apps
Partnerships
Remove Ads and Go Orange
Feedback
Sports
Athletes
MLB
NBA
NHL
NFL
Soccer
Sports Teams
WWE
NCAA
Football
Premier League
Basketball
Baseball
Hockey
Golf
Tennis
Cricket
Rugby
Auto Racing
Olympics
World Cup
Sports
Athletes
MLB
NBA
NHL
NFL
Soccer
Sports Teams
WWE
NCAA
Football
Premier League
Basketball
Baseball
Hockey
Golf
Tennis
Cricket
Rugby
Auto Racing
Olympics
World Cup
Random Quiz
Search Sporcle
×
Quiz Lab
Quiz Lab
Sports
April
Type in answers that appear in a list
Type in answers that appear in a list
Classic
Best Score? Go Orange.
This Day in Sports History: April Stats
Can you name the historical sporting events in April?
By
CreamPuffs29
9m
30 Questions
78 Plays
78 Plays
78 Plays
Comments
Comments
Give Quiz Kudos
Give Quiz Kudos
-
- Ratings
hide this ad
Replay
Link that replays current quiz
Next Quiz
Link to next quiz in quiz playlist
You Got
0%
They Got
Avg Score
70%
Avg Friend Score
Upgrade to see
Score Distribution
Jump to the score distribution portion of the page
Score
0/30
Timer
09:00
0
Plays Today
Hint
Answer
% Correct
April 2, 1996, this baseball player becomes Yankees shortstop, 1996
Derek Jeter
91%
April 20, 1986, this man sets the NBA playoff single game scoring record with 63 points
Michael Jordan
89.7%
April 15, 1947, this baseball player becomes the first black person to play in the MLB
Jackie Robinson
88.5%
April 6, 1896, the 1st modern Olympic Games opened in this city
Athens
87.2%
April 24, 1963, this team wins their 17th NBA Championship
Boston Celtics
87.2%
April 4, 1986, this hockey player sets record for most goals in a single season
Wayne Gretzky
85.9%
April 8, 1974, this MLB player breaks Babe Ruth's home run record
Hank Aaron
84.6%
April 16, 1996, this team set an NBA record with their 70th win of the season
Chicago Bulls
84.6%
April 22, 1954, the NBA introduces this device to shorten a team's time of possession
Shot Clock
84.6%
April 13, 1997, this golfer wins his first ever Masters Golf Tournament
Tiger Woods
83.3%
April 28, 1967, this heavy weight boxing champion refuses to be inducted into the U.S. Army
Muhammad Ali
83.3%
April 21, 2002, Buffalo Bills pick up this quarterback from the Patriots
Drew Bledsoe
82.1%
April 23, 1993, this NBA rookie rips down the backboard on a slam dunk
Shaquille O'Neal
82.1%
April 26, 1995, MLB team plays their first ever game at Coors Field
Colorado Rockies
82.1%
April 1, 1991, this team wins the NCAA Basketball Championship
Duke Blue Devils
80.8%
Hint
Answer
% Correct
April 14, 1996, this team sets a NHL record with their 62nd win of the season
Detroit Red Wings
78.2%
April 5, 1984, this NBA player broke Wilt Chamberlain’s record for regular season career points
Kareem Abdul-Jabbar
76.9%
April 27, 1983, this MLB pitcher surpasses Walter Johnson to become the all-
time leader in strikeouts
Nolan Ryan
75.6%
April 9, 1962, this man wins the Masters Golf Tournament
Arnold Palmer
71.8%
April 3, 1937, this NHL team won the Stanley Cup
New York Rangers
70.5%
April 29, 1986, this pitcher became the first player in MLB history to have 20 strikeouts in one game
Roger Clemens
70.5%
April 19, 1947, this NHL team won the Stanley Cup
Toronto Maple Leafs
67.9%
April 18, 1995, this man announces his retirement from the NFL
Joe Montana
61.5%
April 7, 1977, this MLB team plays their first regular season game ever
Toronto Blue Jays
56.4%
April 17, 1934, this new MLB baseball field opens
Fenway Park
51.3%
April 25, 1876, this MLB team wins 4-
0 in the 1st National League shutout
Chicago Cubs
48.7%
April 12, 1877, this piece of equiptment is first used in a baseball game
Catcher's Mask
42.3%
April 10, 1977, this man wins the Masters Golf Tournament
Tom Watson
34.6%
April 11,1989, became the first goalie in NHL history to record a goal during a playoff game
Ron Hextall
32.1%
April 30, 1922, this Chicago White Sox pitcher throws a perfect game against the Detroit Tigers
Charles Robertson
3.8%
Quiz Playlist
Details
Report
Send in Message
Add To Playlist
Classic:
Type in answers that appear in a list
Last Updated: Jul 7, 2017
Quiz Scoreboard
CHALLENGE
Sign Up to Join the Scoreboard
Show All
Scores
Hide
Comments
May contain spoilers
Recently Published
1-10 Letter E Words III
by El_Dandy
Language
2m
Street Fighter Characters
by Artimus82
Gaming
60s
College Basketball Coaching Resumes
by pancakes188
Sports
9m
More to Explore
Quiz From the Vault
Featured Blog Post
Where Did the Easter Bunny Come From?
hide this ad
You Might Also Like...
Tags
April
Event
Sports History
Today's Top Quizzes in Sports
Browse Sports
hide this ad
Today's Top Quizzes in April
Browse April
Top Contributed Quizzes in Sports
1
2022 World Cup Stars
2
Les meilleurs buteurs des matchs entre le PSG et l’OM
3
FIFA Club World Cup Champions
4
Les entraîneurs de l'OM et du PSG au 21e siècle
5
Criteria MLB: Left Handed Sluggers
6
2023 MLB Unique Player Accomplishments
7
AFC Teams Reveal (Wrong Answers Minefield)
8
Players with Multiple 50 Home Run Seasons
9
5-to-1: FBS Animal Nicknames
10
5-to-1: UK Sports Teams
Explore More
Trending Topics
Disney
Kpop
Marvel
Anime
Harry Potter
NBA
Crossword
Song
WWE
The Office
Soccer
Puzzle
Pokémon
Country
NFL
hide this ad
More By:
CreamPuffs29
Quiz
Plays
Rating
Category
Featured
Created
2011-2012 NBA Leading Scorers
582
2.17
Sports
Mar 11, 2012
Sports Finals Opponents
226
1.00
Sports
Oct 21, 2014
NBA Missing Name
131
5.00
Sports
Apr 25, 2011
This Day in Sports History: April
78
5.00
Sports
Mar 27, 2012
MLB Missing Name
76
3.00
Sports
Apr 25, 2011
Go to Creator's Profile
Score Distribution
Quiz Creator Spotlight
CreamPuffs29
Follow
Send a Message
Quizzes Created
-
Created Quiz Play Count
-
More By This Creator
Popular Quizzes Today
1
Find the US States - No Outlines Minefield
2
Find the Countries of Europe - No Outlines Minefield
3
The Countries of the World
4
Find the US States
5
Risky Map Clicking: Biggest States A-Z
6
US States
7
Popular People in 1961
8
Movies - When Are They Set?
More Sports Quizzes
MLB Hall of Famers Group Photo
Curator's Pick
Trending Quizzes
Risky Map Clicking: Least Populous States A-Z
Billboard Blitz: Aretha Franklin
Famous Russians: Author or Composer?
Countries of the World: 200 Million BC
1-10 Letter G Words
Recently Updated
Leaping Animals
pecheneg
Reality TV Shows (A-Z)
bhenderson79
Rickey Henderson's Hall of Fame Teammates
pecheneg
Champions League XIs: Arsenal
pecheneg
Quick Pick: Celebrities in WWE's Hall of Fame
aduchscher
A-Z Keypad Blitz II
pecheneg
Multiple Oscar Actors
pecheneg
Mystery Phrase Blitz: Oscar 'Best Actors'
pecheneg
F. Scott Fitzgerald Novels
LTH
Pick 3 Villains
ddd62291
Trending Topics
Harry Potter
Kpop
Crossword
Disney
Anime
Marvel
NBA
Pokémon
NFL
Country
Puzzle
WWE
Song
The Office
Soccer
Your Account Isn't Verified!
In order to create a playlist on Sporcle, you need to verify the email address you used during registration. Go to your
Sporcle Settings
to finish the process.
Report this User
Report this user for behavior that violates our
Community Guidelines
.
Details:
Send Report
Go to the Sporcle.com Mobile Site →
Comments